Missing Word: Laurence Olivier Movies Quiz Stats

 Plays Quiz Updated Jul 26, 2018

Challenge
Share
Tweet
Embed
Score 0/20 Timer 03:00
5 Plays Today
Laurence Olivier Movie Missing Word % Correct
Clash of the ______Titans
94%
Marathon ______Man
87.8%
______ HeightsWuthering
78.6%
The Boys from ______Brazil
67.2%
______ VanyaUncle
56.1%
The ______ SingerJazz
55.4%
______ of BritainBattle
50.8%
Nicholas and ______Alexandra
41.1%
______ IIIRichard
37.4%
Bunny Lake is ______Missing
35.5%
Laurence Olivier Movie Missing Word % Correct
Oh! What a ______ WarLovely
34%
______ and LoversFriends
28%
______ SistersThree
24.6%
Lady ______ LambCaroline
16%
The Dance of ______Death
15.7%
Wild ______ IIGeese
9.4%
The Devil's ______Disciple
9.1%
______ of TrialTerm
6.1%
Westward ______Passage
4%
The ______ ManJigsaw
3.9%

Today's Daily Dose

Word Ladder
King of the...

Quick Pick
The Doors Songs

On This Day
August 17th II

You're not logged in!

Compare scores with friends on all Sporcle quizzes.
Join for Free
OR
Log In

You Might Also Like...

Show Comments

Extras

Top Quizzes Today


Score Distribution

Your Account Isn't Verified!

In order to create a playlist on Sporcle, you need to verify the email address you used during registration. Go to your Sporcle Settings to finish the process.

Report this User

Report this user for behavior that violates our Community Guidelines.

Details: